| 000 | 00512nam a2200169 i 4500 | ||
|---|---|---|---|
| 001 | 57364 | ||
| 003 | ES-MaACL | ||
| 005 | 20230906163549.0 | ||
| 007 | t| | ||
| 008 | 031016s1967 sp ||||1| spa d | ||
| 100 | 1 |
_aDodd, C. H. _944964 |
|
| 245 | 1 | 3 |
_aEl Evangelio y la Ley de Cristo / _cC.H. Dodd ; traducido por Feliciano Gil de las Heras. |
| 260 |
_aSan Sebastián : _bDinor, _c1967. |
||
| 300 |
_a125 p. ; _c19 cm. |
||
| 700 | 1 |
_aGil de las Heras, Feliciano. _956797 |
|
| 852 |
_aES-MaACL _jC-32128 _bR.62762 |
||
| 999 |
_c57364 _d57364 |
||